[Event "50th Rilton Cup 2022-23"]
[Site "Stockholm SWE"]
[Date "2023.01.02"]
[Round "6.64"]
[White "Mittelberger, Peter"]
[Black "Goh, Zi Han"]
[Result "0-1"]
[BlackTitle "CM"]
[WhiteElo "2206"]
[BlackElo "2126"]
[WhiteFideId "1602942"]
[BlackFideId "5819156"]
[EventDate "2022.12.27"]

1. c4 e6 2. Nc3 d5 3. cxd5 exd5 4. d4 c6 5. Nf3 Bf5 6. Bf4 Bd6 7. Bxd6 Qxd6 8.
e3 Nf6 9. Bd3 Bxd3 10. Qxd3 Nbd7 11. O-O O-O 12. h3 Rae8 13. Nd2 Qe7 14. b4 Ne4
15. b5 f5 16. bxc6 bxc6 17. Ncxe4 fxe4 18. Qc3 Rf6 19. Rae1 Rg6 20. f3 Qh4 21.
Kh1 exf3 22. Nxf3 Qg3 23. Re2 Rge6 24. Qe1 Qg6 25. Qc1 Nf6 26. Ne5 Qg5 27. Rf3
Ne4 28. Rc2 c5 29. Rxc5 Nxc5 30. Qxc5 Qd8 31. Qxa7 Rf6 32. Rxf6 Qxf6 33. Qb7 Qe6
34. a4 h5 35. a5 Re7 36. Qb5 Kh7 37. a6 Rc7 38. Qd3+ Kg8 39. Qb5 Kh7 40. Qb1+ g6
41. Qb8 Rc1+ 42. Kh2 Qxa6 43. Nf3 Qc8 44. Qf4 Qc7 45. Ne5 Rc3 46. Qf6 Qg7 47.
Qf3 Qe7 48. Qxd5 Rxe3 49. Qc6 Qg7 50. Qd6 Re2 51. Qa6 Rc2 52. Qe6 Rc7 53. Qd6
Rc2 54. Qe6 Re2 55. Qa6 Rf2 56. Nf3 Re2 57. Ne5 Rf2 58. Nf3 Rb2 59. Ne5 Rb8 60.
Qd6 Rf8 61. Qd5 Rf6 62. Nf3 Qe7 63. Ne5 Kg7 64. Kg1 Qc7 65. Nf3 Rb6 66. Ne5 Rd6
67. Qe4 Qa7 68. Nf3 Qd7 69. Qe5+ Kg8 70. Qe4 Qe6 71. Qf4 Qd5 72. Qe3 Re6 73. Qf4
Qd6 74. Qc1 Kg7 75. Qb2 Qd5 76. Qc2 Rc6 77. Qb2 Rc7 78. Qa3 Qc6 79. Kf2 Qc2+ 80.
Kg3 h4+ 81. Kh2 Qe4 82. Qd6 Rc2 83. Qd7+ Kh6 84. Qf7 Qf5 85. Qxf5 gxf5 86. Nxh4
Kg5 87. Nf3+ Kf4 88. Nh4 Rd2 89. Nf3 Rd1 0-1

[Event "50th Rilton Cup 2022-23"]
[Site "Stockholm SWE"]
[Date "2023.01.02"]
[Round "6.65"]
[White "Guillo Longares, Cecilia"]
[Black "Levi, Netanel"]
[Result "1-0"]
[WhiteTitle "WFM"]
[WhiteElo "1941"]
[BlackElo "2179"]
[WhiteFideId "32082681"]
[BlackFideId "2815400"]
[EventDate "2022.12.27"]

1. d4 Nf6 2. c4 g6 3. Nf3 Bg7 4. g3 O-O 5. Bg2 d6 6. O-O c6 7. Nc3 Qb6 8. b3 e5
9. Ba3 Rd8 10. Rc1 Qa5 11. Bb2 e4 12. Ne1 d5 13. Nc2 Bh6 14. b4 Qb6 15. e3 a5
16. b5 Be6 17. Na4 Qc7 18. Na3 Nbd7 19. cxd5 Bxd5 20. bxc6 bxc6 21. Nc4 Bf8 22.
Qc2 Rab8 23. Ne5 Nxe5 24. dxe5 Ne8 25. Bxe4 Bxe4 26. Qxe4 Rd2 27. Rxc6 Qd7 28.
Nb6 Qh3 29. Bd4 Ng7 30. Rc2 Rxc2 31. Qxc2 Ne6 32. Nd5 Ng5 33. f4 Ne6 34. Nf6+
Kh8 35. Qg2 Qh6 36. Nd7 Rd8 37. Qb7 Bb4 38. Bb6 Rg8 39. Nf6 Rf8 40. Nd7 Rg8 41.
Nf6 Rf8 42. Kg2 Qg7 43. Rc1 h5 44. h4 Bd2 45. Rc2 Bb4 46. Qa6 Be7 47. Nd5 g5 48.
Nxe7 gxh4 49. Qe2 Qxg3+ 50. Kf1 Ng7 51. Qg2 Kh7 52. Qxg3 hxg3 53. Kg2 h4 54. Kh3
Re8 55. Nd5 Kg6 56. e4 Nh5 57. Kxh4 Rh8 58. Kg4 Kg7 59. Bxa5 Rh6 60. f5 Kh7 61.
Be1 Kg7 62. Bxg3 Nxg3 63. Kxg3 Rh1 64. a4 Ra1 65. Rc4 Kh6 66. Kf3 Ra3+ 67. Nc3
Kg5 68. Ke3 Ra1 69. Kd4 Kf4 70. Kc5 Kxe5 71. Kb6 Ra3 72. a5 Rb3+ 73. Nb5 Rh3 74.
a6 Rh8 75. a7 f6 76. Kb7 Rh7+ 77. Nc7 Kd6 78. a8=Q Rxc7+ 79. Rxc7 1-0

[Event "50th Rilton Cup 2022-23"]
[Site "Stockholm SWE"]
[Date "2023.01.02"]
[Round "6.66"]
[White "Joel Paul Ganta"]
[Black "Sadekov, Maksim"]
[Result "1-0"]
[WhiteElo "2183"]
[BlackElo "2113"]
[WhiteFideId "35066145"]
[BlackFideId "4508912"]
[EventDate "2022.12.27"]

1. a3 e6 2. d4 f5 3. Nc3 Nf6 4. h3 d5 5. g4 Ne4 6. Nf3 Be7 7. Rg1 O-O 8. g5 c5
9. e3 Nxc3 10. bxc3 c4 11. g6 Nc6 12. a4 h6 13. a5 Bf6 14. e4 fxe4 15. Ng5 hxg5
16. Qh5 Re8 17. Qh7+ 1-0

[Event "50th Rilton Cup 2022-23"]
[Site "Stockholm SWE"]
[Date "2023.01.03"]
[Round "7.1"]
[White "Raja, Rithvik R"]
[Black "Pranesh, M"]
[Result "0-1"]
[WhiteTitle "GM"]
[BlackTitle "IM"]
[WhiteElo "2453"]
[BlackElo "2475"]
[WhiteFideId "35007394"]
[BlackFideId "35028600"]
[EventDate "2022.12.27"]

1. d4 d5 2. c4 c6 3. cxd5 cxd5 4. Bf4 Nc6 5. e3 Nf6 6. Nc3 Bf5 7. Nf3 e6 8. Qb3
Bb4 9. Ne5 Qa5 10. Nxc6 bxc6 11. a3 Bxc3+ 12. Qxc3 Qxc3+ 13. bxc3 Kd7 14. h4 Ne8
15. f3 h5 16. c4 Nc7 17. Kd2 Rab8 18. Kc3 Rb7 19. Be2 Rhb8 20. Bd1 Rb2 21. g4
hxg4 22. fxg4 Bxg4 23. Ba4 dxc4 24. e4 f5 25. Rh2 Rxh2 26. Bxh2 Rh8 27. Rb1 Rxh4
28. Be5 Rh3+ 29. Kc2 Nb5 30. Bxb5 cxb5 31. Rxb5 fxe4 32. Rb7+ Kc6 33. Rxg7 Bf5
34. Rc7+ Kb6 35. Rxc4 Rxa3 36. Rb4+ Ka6 37. Kb2 Rd3 38. Ra4+ Kb6 39. Rb4+ Ka5
40. Rb7 Ka6 41. Rg7 e3 42. Bb8 e2 43. Rxa7+ Kb6 44. Ra1 Rd2+ 0-1

[Event "50th Rilton Cup 2022-23"]
[Site "Stockholm SWE"]
[Date "2023.01.03"]
[Round "7.2"]
[White "Abdrlauf, Elham"]
[Black "Smirin, Ilia"]
[Result "1-0"]
[WhiteTitle "IM"]
[BlackTitle "GM"]
[WhiteElo "2518"]
[BlackElo "2596"]
[WhiteFideId "1533533"]
[BlackFideId "2801990"]
[EventDate "2022.12.27"]

1. e4 c5 2. Nf3 e6 3. c3 Nf6 4. e5 Nd5 5. Bc4 Nc6 6. O-O d6 7. d4 cxd4 8. cxd4
Be7 9. Qe2 O-O 10. Nc3 dxe5 11. dxe5 Nxc3 12. bxc3 b6 13. Bd3 Bb7 14. Re1 Na5
15. Bf4 Rc8 16. Rad1 Bd5 17. Be4 Rxc3 18. Bxd5 exd5 19. e6 Rc4 20. Nd4 f6 21.
Qf3 g6 22. h4 Qc8 23. h5 Nc6 24. hxg6 hxg6 25. Nf5 Qe8 26. Ne3 Rc3 27. Qxd5 Rc5
28. Qf3 g5 29. Bc7 Qg6 30. Nd5 Rc8 31. Bg3 f5 32. Nxe7+ Nxe7 33. Bd6 g4 34. Qb7
g3 35. Bxc5 1-0

[Event "50th Rilton Cup 2022-23"]
[Site "Stockholm SWE"]
[Date "2023.01.03"]
[Round "7.3"]
[White "Parkhov, Yair"]
[Black "Meshkovs, Nikita"]
[Result "1/2-1/2"]
[WhiteTitle "IM"]
[BlackTitle "GM"]
[WhiteElo "2470"]
[BlackElo "2566"]
[WhiteFideId "2813408"]
[BlackFideId "11602740"]
[EventDate "2022.12.27"]

1. d4 Nf6 2. c4 e6 3. Nc3 Bb4 4. e3 O-O 5. Bd3 d5 6. a3 dxc4 7. Bxc4 Be7 8. Nf3
c5 9. O-O Nc6 10. dxc5 Bxc5 11. b4 Bd6 12. Bb2 a6 13. Rc1 Ne5 14. Be2 Ng6 15.
Qc2 Bd7 16. Rfd1 Bc6 17. Nd4 Rc8 18. Nxc6 Rxc6 19. Bf3 Rc7 20. Qb1 Ne5 21. Be2
Nc4 22. Bxc4 Rxc4 23. Ne4 Rxc1 24. Rxc1 Nxe4 25. Qxe4 Qe7 26. g3 f6 27. Bd4 Qd7
28. Bc5 Bxc5 29. Rxc5 Rc8 30. Qd4 Qe8 31. h4 1/2-1/2

[Event "50th Rilton Cup 2022-23"]
[Site "Stockholm SWE"]
[Date "2023.01.03"]
[Round "7.4"]
[White "Sorensen, Hampus"]
[Black "Urkedal, Frode Olav Olsen"]
[Result "0-1"]
[WhiteTitle "IM"]
[BlackTitle "GM"]
[WhiteElo "2442"]
[BlackElo "2536"]
[WhiteFideId "8703884"]
[BlackFideId "1506102"]
[EventDate "2022.12.27"]

1. d4 Nf6 2. c4 e6 3. Nc3 Bb4 4. e3 O-O 5. Bd2 d5 6. Nf3 Nbd7 7. Rc1 c6 8. Bd3
Qe7 9. O-O dxc4 10. Bxc4 e5 11. Qc2 Bxc3 12. bxc3 e4 13. Ne1 b5 14. Be2 Nb6 15.
Qb2 Be6 16. c4 Nxc4 17. Bxc4 Bxc4 18. Bb4 Qe6 19. Bxf8 Rxf8 20. Nc2 Bxf1 21.
Rxf1 a5 22. Na1 a4 23. Nc2 Nd5 24. Rc1 Qd6 25. a3 Nb6 26. Qc3 Nc4 27. Re1 h5 28.
f3 Re8 29. f4 h4 30. Kf2 Qe6 31. Rg1 Qg4 32. Qa1 Re6 33. Qd1 Qf5 34. g4 hxg3+
35. Rxg3 Rh6 36. Kg1 Rg6 37. Kg2 Nb2 38. Qb1 Nc4 39. Qd1 Qe6 40. h3 Rxg3+ 41.
Kxg3 Nd6 42. Nb4 Nf5+ 43. Kf2 Qf6 44. Qg4 g6 45. Qg5 Qd6 46. Ke2 Kg7 47. Qg1 c5
48. dxc5 Qxc5 49. Kd2 Kg8 50. Nc2 Nd6 51. Qa1 Nc4+ 52. Ke2 Qh5+ 53. Ke1 Qxh3 54.
Qd4 Qh1+ 55. Ke2 Qg2+ 56. Kd1 Qf1+ 57. Ne1 Qf2 58. Nc2 Kh7 0-1

[Event "50th Rilton Cup 2022-23"]
[Site "Stockholm SWE"]
[Date "2023.01.03"]
[Round "7.5"]
[White "Kulaots, Kaido"]
[Black "Prraneeth, Vuppala"]
[Result "0-1"]
[WhiteTitle "GM"]
[BlackTitle "IM"]
[WhiteElo "2513"]
[BlackElo "2427"]
[WhiteFideId "4500261"]
[BlackFideId "46622373"]
[EventDate "2022.12.27"]

1. e4 e5 2. Nf3 Nc6 3. Bb5 a6 4. Ba4 Nf6 5. O-O b5 6. Bb3 Bc5 7. c3 d6 8. d4 Bb6
9. Be3 O-O 10. Nbd2 h6 11. h3 Re8 12. Re1 Rb8 13. Bc2 Bb7 14. a3 exd4 15. cxd4
Ne7 16. Nh4 c5 17. dxc5 dxc5 18. e5 Nfd5 19. Bxh6 gxh6 20. Qh5 Kg7 21. e6 Rf8
22. Nf5+ Nxf5 23. Qxf5 Nf6 24. Re3 Rg8 25. Rg3+ Kf8 26. Rxg8+ Kxg8 27. exf7+ Kf8
28. Nf1 Qd5 29. Qg6 Qg5 30. Re1 Qxg6 31. Bxg6 Bd5 32. Ne3 Bxf7 33. Bxf7 Kxf7 34.
Nf5 c4 35. Re7+ Kf8 36. Re6 Ng8 37. g4 a5 38. Rc6 Bd8 39. Nxh6 Nxh6 40. Rxh6 Kg7
41. Rc6 a4 42. f4 Bf6 43. Rc7+ Kg8 0-1

[Event "50th Rilton Cup 2022-23"]
[Site "Stockholm SWE"]
[Date "2023.01.03"]
[Round "7.6"]
[White "Rakesh, Kumar Jena"]
[Black "Horvath, Dominik"]
[Result "0-1"]
[WhiteTitle "IM"]
[BlackTitle "IM"]
[WhiteElo "2303"]
[BlackElo "2502"]
[WhiteFideId "5084822"]
[BlackFideId "1642561"]
[EventDate "2022.12.27"]

1. d4 d5 2. Nf3 Nf6 3. Bf4 c5 4. e3 Nc6 5. Nbd2 Nh5 6. dxc5 Nxf4 7. exf4 g6 8.
g3 Bg7 9. Bg2 Bxb2 10. Rb1 Bg7 11. O-O O-O 12. Rb5 Qc7 13. Nb3 Rd8 14. Qd2 e6
15. Rb1 b6 16. Qe3 d4 17. Qe4 Ba6 18. a4 Rac8 19. Bh3 Re8 20. Nbd2 Bxb5 21. axb5
Nb8 22. c6 a6 23. Nxd4 axb5 24. Bg2 Bxd4 25. Qxd4 Nxc6 26. Bxc6 Qxc6 27. Ne4
Red8 28. Nf6+ Kg7 29. Nh5+ Kf8 30. Qh8+ Ke7 31. Qf6+ Ke8 32. Qh8+ Kd7 33. Qxh7
gxh5 34. Qxf7+ Kd6 35. f5 Rd7 36. Qxe6+ Kc7 37. Qe5+ Kb7 0-1

[Event "50th Rilton Cup 2022-23"]
[Site "Stockholm SWE"]
[Date "2023.01.03"]
[Round "7.7"]
[White "Livaic, Leon"]
[Black "Kucuksari, Kaan"]
[Result "1/2-1/2"]
[WhiteTitle "GM"]
[BlackTitle "IM"]
[WhiteElo "2572"]
[BlackElo "2492"]
[WhiteFideId "14531534"]
[BlackFideId "6380166"]
[EventDate "2022.12.27"]

1. d4 Nf6 2. c4 g6 3. Nc3 Bg7 4. e4 d6 5. f4 c5 6. d5 O-O 7. Nf3 e6 8. Be2 exd5
9. cxd5 Bg4 10. O-O Nbd7 11. Re1 Re8 12. h3 Bxf3 13. Bxf3 a6 14. g4 Re7 15. g5
Ne8 16. Be3 b5 17. e5 dxe5 18. d6 Re6 19. Bxa8 Qxa8 20. Qd5 Qxd5 21. Nxd5 exf4
22. Bxf4 Bxb2 23. Rad1 c4 24. Nc7 Ng7 25. Nxe6 fxe6 26. a4 Kf7 27. axb5 axb5 28.
Rb1 Bc3 29. Rf1 Nf5 30. Rxb5 e5 31. Be3 Ke6 32. Rc1 Nd4 33. Bxd4 exd4 34. Kf2
Kxd6 35. Rxc3 dxc3 36. Ke2 Nc5 37. Kd1 Ne6 38. h4 Nd4 39. Rb7 Ke5 40. Rxh7 Nf5
41. h5 gxh5 42. Rf7 h4 43. Kc2 h3 44. Kxc3 h2 45. Rh7 Kf4 46. g6 Kg3 47. Rxh2
Kxh2 48. g7 Nxg7 49. Kxc4 1/2-1/2

[Event "50th Rilton Cup 2022-23"]
[Site "Stockholm SWE"]
[Date "2023.01.03"]
[Round "7.8"]
[White "Sasikiran, Krishnan"]
[Black "Petursson, Margeir"]
[Result "1/2-1/2"]
[WhiteTitle "GM"]
[BlackTitle "GM"]
[WhiteElo "2635"]
[BlackElo "2437"]
[WhiteFideId "5004985"]
[BlackFideId "2300028"]
[EventDate "2022.12.27"]

1. d4 Nf6 2. c4 e6 3. Nf3 Bb4+ 4. Nbd2 b6 5. a3 Bxd2+ 6. Qxd2 Bb7 7. e3 a5 8. b3
d6 9. Bb2 Nbd7 10. Be2 O-O 11. O-O Qe7 12. Qc2 c5 13. Nd2 cxd4 14. Bxd4 Rfc8 15.
Rfc1 b5 16. Bc3 bxc4 17. bxc4 Nc5 18. f3 Bc6 19. Rab1 Nfd7 20. Qd1 Ne5 21. Qf1
a4 22. Rd1 f5 23. Qf2 Ned7 24. Bb4 Rab8 25. Nf1 Ne5 26. Qg3 Nf7 27. Qe1 Be8 28.
Qc3 Rb7 29. Rb2 Rbc7 30. Rdb1 Ne5 31. Nd2 Ned7 32. Rd1 Rc6 33. Rdb1 Qf6 34. Qxf6
Nxf6 35. Rd1 Rb6 36. Rdb1 Rcb8 37. h3 Nfd7 38. Bc3 Rxb2 39. Rxb2 Rxb2 40. Bxb2
Kf7 41. Bc3 g5 42. Bd1 Ke7 43. Bc2 Bg6 44. Kf2 e5 45. Ke2 Ke6 46. Bb4 Kf6 47.
Ba5 h6 48. Bd8+ Ke6 49. Ba5 Kf6 50. Kd1 Be8 51. Kc1 Nf8 52. Bd8+ Ke6 53. Kd1 Bg6
54. Bb6 Nfd7 55. Ba5 Kf6 56. Ke1 Nf8 57. Nb1 f4 58. e4 Bf7 59. Nc3 Bxc4 60. Nxa4
Nxa4 61. Bxa4 Ne6 62. Bb6 Nc5 63. Bxc5 dxc5 64. Bd1 Ke7 65. Be2 Be6 66. Kd2 1/2-1/2

[Event "50th Rilton Cup 2022-23"]
[Site "Stockholm SWE"]
[Date "2023.01.03"]
[Round "7.9"]
[White "Milikow, Elie"]
[Black "Blomqvist, Erik"]
[Result "0-1"]
[WhiteTitle "FM"]
[BlackTitle "GM"]
[WhiteElo "2427"]
[BlackElo "2544"]
[WhiteFideId "371281868"]
[BlackFideId "1709437"]
[EventDate "2022.12.27"]

1. e4 c5 2. Nf3 d6 3. d4 cxd4 4. Nxd4 Nf6 5. Nc3 g6 6. Be3 Nc6 7. f3 h5 8. Bc4
Bd7 9. Qe2 Bg7 10. O-O-O Na5 11. Bb3 a6 12. f4 Nxb3+ 13. axb3 Qa5 14. Kb1 O-O
15. h3 Rac8 16. Bf2 e5 17. Nf3 exf4 18. Rxd6 Rfe8 19. Bd4 Rc6 20. Rxc6 Bxc6 21.
Qd2 Qd8 22. e5 Bxf3 23. exf6 Bxf6 24. Qxf4 Qxd4 25. Qxf3 Re3 26. Qd5 Kg7 27. Rf1
b5 28. Qc6 b4 29. Na4 a5 30. Qc7 Re2 31. Qxa5 Rxg2 32. Qb6 Rh2 33. Qxd4 Bxd4 34.
Rf4 Bf2 35. Rxb4 Rxh3 36. Rc4 h4 37. Nc3 Re3 38. Ka2 Re8 39. Ne4 Be3 40. Nd6
Ra8+ 41. Kb1 h3 42. Rg4 h2 43. Nf5+ Kf6 44. Ng3 Rh8 45. Nh1 Rd8 46. Ng3 Rd1+ 47.
Ka2 h1=Q 48. Nxh1 Rxh1 49. Re4 Bb6 50. b4 g5 51. Rc4 Kg7 52. b5 f5 53. b4 f4 54.
Rc3 g4 55. Rc4 Rf1 56. Rc5 g3 57. Rg5+ Kf6 58. Rg8 Rf2 59. Kb3 g2 60. c4 Rf3+ 0-1

[Event "50th Rilton Cup 2022-23"]
[Site "Stockholm SWE"]
[Date "2023.01.03"]
[Round "7.10"]
[White "Galperin, Platon"]
[Black "Moksh, Amit Doshi"]
[Result "1/2-1/2"]
[WhiteTitle "GM"]
[BlackTitle "IM"]
[WhiteElo "2530"]
[BlackElo "2414"]
[WhiteFideId "14165414"]
[BlackFideId "25064967"]
[EventDate "2022.12.27"]

1. Nf3 d5 2. g3 g6 3. Bg2 Bg7 4. d4 Nf6 5. c4 dxc4 6. O-O O-O 7. Na3 c5 8. Nxc4
Be6 9. Nfe5 Qc8 10. dxc5 Nfd7 11. Nxd7 Nxd7 12. c6 bxc6 13. Na5 Bd5 14. e4 Be6
15. Qc2 Qa6 16. Nxc6 Rfe8 17. Nb4 Rac8 18. Qd1 Qc4 19. Nd5 Nb6 20. a4 Bxd5 21.
exd5 Red8 22. b3 Qc2 23. Qxc2 Rxc2 24. Rb1 Nxd5 25. Rd1 e6 26. b4 Ra2 27. a5 Bf8
28. Be3 Rd7 29. Rd4 Ra4 30. Bxd5 exd5 31. Rbd1 a6 32. Rxd5 Rxd5 33. Rxd5 Bxb4
34. Bh6 Bxa5 35. Re5 f5 36. Re8+ 1/2-1/2

[Event "50th Rilton Cup 2022-23"]
[Site "Stockholm SWE"]
[Date "2023.01.03"]
[Round "7.11"]
[White "Willow, Jonah B"]
[Black "Thybo, Jesper Sondergaard"]
[Result "1/2-1/2"]
[WhiteTitle "IM"]
[BlackTitle "GM"]
[WhiteElo "2409"]
[BlackElo "2515"]
[WhiteFideId "438804"]
[BlackFideId "1438832"]
[EventDate "2022.12.27"]

1. e4 c5 2. Nf3 Nc6 3. Bb5 g6 4. Bxc6 dxc6 5. d3 Bg7 6. h3 e5 7. O-O Qc7 8. Be3
b6 9. Nbd2 Ne7 10. Nc4 Be6 11. Nfd2 O-O 12. f4 f5 13. Nxe5 g5 14. Nef3 gxf4 15.
Ng5 fxe3 16. Nxe6 Qe5 17. Nxg7 Qxg7 18. Nc4 f4 19. Qg4 Ng6 20. h4 b5 21. h5 bxc4
22. hxg6 hxg6 23. Rxf4 Rxf4 24. Qxf4 Qxb2 25. Rf1 e2 26. Qf7+ Kh8 27. Re1 Qd4+
28. Kh1 cxd3 29. cxd3 c4 30. Rxe2 cxd3 31. Rd2 Qa1+ 32. Kh2 Qe5+ 33. Kg1 Qc5+
34. Kh2 Qd6+ 35. g3 Rf8 36. Rxd3 Qc5 37. Rd8 Rxd8 38. Qf6+ Kh7 39. Qxd8 Qc2+ 40.
Kh3 Qxe4 41. Qc7+ Kh6 42. Qxa7 Qf5+ 43. Kg2 c5 44. Qe7 Qd5+ 45. Kg1 Qxa2 1/2-1/2

[Event "50th Rilton Cup 2022-23"]
[Site "Stockholm SWE"]
[Date "2023.01.03"]
[Round "7.12"]
[White "Seo, Jung Min"]
[Black "Park, Evan"]
[Result "1/2-1/2"]
[WhiteTitle "IM"]
[BlackTitle "IM"]
[WhiteElo "2502"]
[BlackElo "2362"]
[WhiteFideId "1734687"]
[BlackFideId "30931142"]
[EventDate "2022.12.27"]

1. e4 e5 2. Nf3 Nc6 3. Bb5 a6 4. Ba4 Nf6 5. O-O Be7 6. Re1 b5 7. Bb3 d6 8. c3
O-O 9. h3 Bb7 10. d4 Re8 11. Nbd2 Bf8 12. a3 h6 13. Bc2 Nb8 14. b3 Nbd7 15. Bb2
Rb8 16. a4 c6 17. Bd3 Qc7 18. Qc2 Rbc8 19. Bf1 Qb8 20. Qb1 Ba8 21. Qa2 Bb7 22.
Rad1 Qc7 23. Bd3 Rb8 24. Rc1 Rbc8 25. Qa1 Qb8 26. axb5 axb5 27. Qb1 Ba8 28. Qc2
Bb7 29. Nf1 g6 30. Ng3 Bg7 31. Qd1 d5 32. exd5 Nxd5 33. c4 bxc4 34. Bxc4 Rcd8
35. Bxd5 cxd5 36. Nxe5 Nxe5 37. dxe5 Bxe5 38. Rxe5 Rxe5 39. Qd4 f6 40. f4 Re6
41. f5 Ra6 42. Qg4 g5 43. Bd4 Re8 44. Qh5 Re7 45. Kh2 Qf4 46. Rd1 Qb8 47. Qxh6
Rh7 48. Qg6+ Rg7 49. Qh6 Rh7 50. Qg6+ Rg7 51. Qh5 1/2-1/2

[Event "50th Rilton Cup 2022-23"]
[Site "Stockholm SWE"]
[Date "2023.01.03"]
[Round "7.14"]
[White "Lindberg, Bengt"]
[Black "Wadsworth, Matthew J"]
[Result "1/2-1/2"]
[WhiteTitle "IM"]
[BlackTitle "IM"]
[WhiteElo "2349"]
[BlackElo "2470"]
[WhiteFideId "1700359"]
[BlackFideId "415804"]
[EventDate "2022.12.27"]

1. e4 e6 2. d4 d5 3. Nc3 Nf6 4. Bg5 Bb4 5. e5 h6 6. Bd2 Bxc3 7. bxc3 Ne4 8. Qg4
g6 9. Bd3 c5 10. Bxe4 dxe4 11. Ne2 Bd7 12. Ng3 Bc6 13. Nxe4 Bxe4 14. Qxe4 Nc6
15. Rb1 Qd7 16. Be3 O-O-O 17. dxc5 g5 18. O-O Qd5 19. Qxd5 Rxd5 20. f4 gxf4 21.
Rxf4 Nxe5 22. Bd4 Rh7 23. Re1 Nc6 24. Rg4 e5 25. Rg8+ Kc7 26. Bf2 f5 27. Rf8 f4
28. g3 fxg3 29. hxg3 Rd2 30. Rc1 Kd7 31. Rf6 Ke7 32. Rg6 Rf7 33. Be3 Re2 34.
Bxh6 Rff2 35. Rd1 Rg2+ 36. Kf1 Ref2+ 37. Ke1 Re2+ 38. Kf1 Ref2+ 1/2-1/2

[Event "50th Rilton Cup 2022-23"]
[Site "Stockholm SWE"]
[Date "2023.01.03"]
[Round "7.15"]
[White "Gorshtein, Ido"]
[Black "Sidhant, Mohapatra"]
[Result "1/2-1/2"]
[WhiteTitle "IM"]
[BlackTitle "IM"]
[WhiteElo "2469"]
[BlackElo "2337"]
[WhiteFideId "2815532"]
[BlackFideId "5028698"]
[EventDate "2022.12.27"]

1. c4 e5 2. Nc3 Nf6 3. g3 d5 4. cxd5 Nxd5 5. Bg2 Nb6 6. d3 Be7 7. Be3 O-O 8. Rc1
f6 9. a3 Nc6 10. Bxc6 bxc6 11. Qd2 Nd5 12. h3 a5 13. Nf3 Nxe3 14. Qxe3 Rb8 15.
Rc2 Bd6 16. Kf1 Qe8 17. g4 f5 18. gxf5 Bxf5 19. Ne4 Be6 20. Nfd2 Rf4 21. Rg1 Kh8
22. Rg3 a4 23. Kg2 h6 24. f3 Rh4 25. Qa7 Bd7 26. Nc4 Ra8 27. Qb7 Rd8 28. Ncxd6
cxd6 29. Nxd6 Qe6 30. Qc7 Rf8 31. Rg4 Rxh3 32. Rcc4 h5 33. Rg5 Rhxf3 34. exf3
Qh3+ 35. Kg1 Qxf3 36. Rg2 Qe3+ 1/2-1/2

[Event "50th Rilton Cup 2022-23"]
[Site "Stockholm SWE"]
[Date "2023.01.03"]
[Round "7.16"]
[White "Krasenkow, Michal"]
[Black "Ram, Aravind L N"]
[Result "1-0"]
[WhiteTitle "GM"]
[BlackTitle "FM"]
[WhiteElo "2541"]
[BlackElo "2272"]
[WhiteFideId "1113100"]
[BlackFideId "25033760"]
[EventDate "2022.12.27"]

1. d4 d5 2. c4 c6 3. Nc3 Nf6 4. Nf3 e6 5. Qb3 dxc4 6. Qxc4 b5 7. Qd3 a6 8. Bg5
Nbd7 9. e4 Qc7 10. e5 Nd5 11. Nxd5 cxd5 12. Be2 Qc4 13. Qb1 Bb4+ 14. Kf1 Qc7 15.
h4 h6 16. Be3 Bb7 17. Rh3 Nb6 18. h5 O-O-O 19. Rg3 Bf8 20. b3 Kb8 21. Ne1 f6 22.
Nd3 fxe5 23. Nxe5 Bd6 24. f4 Nc8 25. Bg4 Rhf8 26. Kg1 Rf6 27. Bh3 Bf8 28. Qh7
Ne7 29. Rc1 Qd6 30. Bd2 Qb6 31. Qd3 Nf5 32. Bxf5 Rxf5 33. Rg6 Rf6 34. Qe3 Rxg6
35. hxg6 Ka8 36. Nd3 Be7 37. Bb4 Bf6 38. Bc5 Qa5 39. Qxe6 Rc8 40. Rd1 Rc6 41.
Qe2 Qc3 42. Kh1 Rc8 43. Rc1 Qa5 44. Rc2 Qc7 45. Qe6 Qd8 46. Re2 Qa5 47. Nb4 Rxc5
48. dxc5 Qxb4 49. Qb6 1-0

[Event "50th Rilton Cup 2022-23"]
[Site "Stockholm SWE"]
[Date "2023.01.03"]
[Round "7.17"]
[White "Sawatzki, Frank"]
[Black "Hillarp Persson, Tiger"]
[Result "0-1"]
[WhiteTitle "FM"]
[BlackTitle "GM"]
[WhiteElo "2369"]
[BlackElo "2523"]
[WhiteFideId "4613600"]
[BlackFideId "1700812"]
[EventDate "2022.12.27"]

1. e4 c5 2. Nf3 d6 3. d4 cxd4 4. Nxd4 Nf6 5. Nc3 a6 6. Be3 e6 7. Be2 Qc7 8. Qd2
b5 9. f3 Nbd7 10. a3 h5 11. O-O-O Rb8 12. f4 Bb7 13. e5 dxe5 14. fxe5 Nd5 15.
Nxd5 Bxd5 16. Bf3 Nb6 17. Bxd5 Nxd5 18. Nb3 a5 19. Bd4 a4 20. Na1 b4 21. axb4
Rxb4 22. c3 Be7 23. Nc2 Rb3 24. h4 O-O 25. Qe2 a3 26. c4 axb2+ 27. Bxb2 Rfb8 28.
cxd5 Rxb2 29. d6 Qc3 30. dxe7 Rb1# 0-1

[Event "50th Rilton Cup 2022-23"]
[Site "Stockholm SWE"]
[Date "2023.01.03"]
[Round "7.18"]
[White "Thorn, Eric"]
[Black "Aditya, Mittal"]
[Result "1/2-1/2"]
[WhiteTitle "FM"]
[BlackTitle "IM"]
[WhiteElo "2397"]
[BlackElo "2479"]
[WhiteFideId "1710729"]
[BlackFideId "35042025"]
[EventDate "2022.12.27"]

1. d4 Nf6 2. c4 e6 3. Nf3 d5 4. g3 Bb4+ 5. Bd2 Be7 6. Qc2 O-O 7. Bg2 Nbd7 8. O-O
c6 9. Rd1 h6 10. b3 b6 11. a4 a5 12. cxd5 Nxd5 13. e4 Nb4 14. Bxb4 Bxb4 15. Nbd2
Bb7 16. Nc4 Qe7 17. Ne3 Rac8 18. Ne1 Rfd8 19. Nd3 Bd6 20. Rac1 Bb8 21. Qb2 Nf6
22. e5 Nd5 23. Nxd5 cxd5 24. Bf1 h5 25. Nf4 h4 26. Qd2 g6 27. Nh3 hxg3 28. hxg3
Kg7 29. Ng5 Rh8 30. Be2 Rcf8 31. f4 Rh6 32. Kg2 Rfh8 33. Rh1 Rxh1 34. Rxh1 Rxh1
35. Kxh1 Qa3 36. Bf1 Qa1 37. Kg2 Bc7 38. Nf3 Qb1 39. Qc3 Qa2+ 40. Kg1 Bd8 41.
Bd3 Be7 42. Qc7 Qxb3 43. Qxe7 Qxd3 44. Qf6+ Kg8 45. Qd8+ Kg7 46. Qf6+ Kg8 47.
Qd8+ Kg7 1/2-1/2

[Event "50th Rilton Cup 2022-23"]
[Site "Stockholm SWE"]
[Date "2023.01.03"]
[Round "7.20"]
[White "Dobrikov, Marco"]
[Black "Dann, Matthias"]
[Result "0-1"]
[WhiteTitle "FM"]
[BlackTitle "IM"]
[WhiteElo "2228"]
[BlackElo "2465"]
[WhiteFideId "12950378"]
[BlackFideId "24638056"]
[EventDate "2022.12.27"]

1. c4 e6 2. Nc3 d5 3. cxd5 exd5 4. d4 c6 5. Nf3 Bf5 6. e3 Nf6 7. Bd3 Bxd3 8.
Qxd3 Bd6 9. O-O O-O 10. Rb1 Qe7 11. Re1 Ne4 12. Bd2 a5 13. Rf1 Nd7 14. Ne1 Rfe8
15. Nxe4 dxe4 16. Qe2 Nf6 17. Nc2 Nd5 18. a3 Qh4 19. g3 Qh3 20. f4 exf3 21. Rxf3
Re4 22. Rbf1 f6 23. Qf2 Qe6 24. Re1 b6 25. Qf1 h5 26. Re2 Kf7 27. Ne1 h4 28. Nc2
hxg3 29. hxg3 Rh8 30. Rh2 Rxh2 31. Kxh2 Rh4+ 32. Kg1 Rh8 33. Ne1 Qg4 34. Qg2 Qe4
35. Rf1 Re8 36. Qxe4 Rxe4 37. Kf2 c5 38. Kf3 f5 39. dxc5 Bxc5 40. Nc2 a4 41. Rb1
Rc4 42. Ne1 Bd6 43. Nd3 g5 44. b3 Rc2 45. Rb2 g4+ 46. Kg2 Rxb2 47. Nxb2 axb3 48.
Nc4 Bc5 49. a4 Bxe3 0-1